[Event "AUT-chT 0001"]
[Site "Austria"]
[Date "2000.10.22"]
[Round "2.3"]
[White "Mittelberger, Peter"]
[Black "Raubal, Martin"]
[Result "1/2-1/2"]
[WhiteElo "2282"]
[BlackElo "2205"]
[PlyCount "22"]
[EventDate "2000.10.21"]
[EventType "team-tourn"]
[EventRounds "11"]
[EventCountry "AUT"]
[SourceTitle "EXT 2001"]
[Source "ChessBase"]
[SourceDate "2000.11.22"]
[SourceVersion "1"]
[SourceVersionDate "2000.11.22"]
[SourceQuality "1"]
[WhiteTeam "Hohenems"]
[BlackTeam "Melk-Wachau SK NOE"]
[WhiteTeamCountry "AUT"]
[BlackTeamCountry "AUT"]

1. e4 c6 2. d4 d5 3. Nc3 dxe4 4. Nxe4 Bf5 5. Ng3 Bg6 6. Bc4 e6 7. N1e2 Nd7 8. 0-0 Ngf6 9. f4 Nb6 10. Bb3 Qd7 11. c4 Be7 1/2-1/2

[Event "Vienna op 13th"]
[Site "Vienna"]
[Date "1998.??.??"]
[Round "?"]
[White "Mira, Helene"]
[Black "Raubal, Martin"]
[Result "1-0"]
[WhiteElo "2170"]
[BlackElo "2235"]
[PlyCount "85"]
[EventDate "1998.10.25"]
[EventType "swiss"]
[EventRounds "9"]
[EventCountry "AUT"]
[SourceTitle "EXT 2000"]
[Source "ChessBase"]
[SourceDate "1999.11.16"]
[SourceVersion "1"]
[SourceVersionDate "1999.11.16"]
[SourceQuality "1"]

1. d4 g6 2. Nf3 Bg7 3. c4 d6 4. Nc3 Nf6 5. e4 0-0 6. Be2 e5 7. d5 a5 8. Bg5 Na6 9. Nd2 Qe8 10. b3 Kh8 11. Be3 Bd7 12. a3 c6 13. 0-0 h5 14. f3 Ng8 15. Rb1 Bh6 16. Bf2 Qe7 17. Qc2 h4 18. Rfd1 Bf4 19. Kh1 Qg5 20. Nf1 Nf6 21. Bd3 Nh5 22. Ne2 Kg7 23. Nxf4 Nxf4 24. Ne3 cxd5 25. cxd5 Rac8 26. Qd2 Nc5 27. Bf1 a4 28. bxa4 Bxa4 29. Re1 Qh5 30. Nc4 Nb3 31. Qb4 b5 32. Nxd6 Rc2 33. Rxb3 Rxf2 34. Rb2 Rxb2 35. Qxb2 Qg5 36. Rc1 Rd8 37. Nb7 Rb8 38. Nc5 Rc8 39. Ne6+ Nxe6 40. Rxc8 Nd4 41. Qb4 Qe3 42. Qf8+ Kf6 43. Qd8+ 1-0

[Event "AUT-chT2O 9798"]
[Site "Austria"]
[Date "1997.02.15"]
[Round "10"]
[White "Raubal, Martin"]
[Black "Bachmayer, Josef"]
[Result "1/2-1/2"]
[WhiteElo "2235"]
[BlackElo "2140"]
[PlyCount "91"]
[EventDate "1997.??.??"]
[EventType "team"]
[EventRounds "13"]
[EventCountry "AUT"]
[SourceTitle "EXT 1999"]
[Source "ChessBase"]
[SourceDate "1998.11.16"]
[SourceVersion "1"]
[SourceVersionDate "1998.11.16"]
[SourceQuality "1"]

1. e4 c5 2. c3 Nf6 3. e5 Nd5 4. d4 cxd4 5. Nf3 d6 6. cxd4 Nc6 7. Bc4 Nb6 8. Bb5 dxe5 9. Nxe5 Bd7 10. Bxc6 Bxc6 11. Nxc6 bxc6 12. 0-0 e6 13. Nc3 Be7 14. Be3 0-0 15. Rc1 Nd5 16. Nxd5 cxd5 17. Rc6 Qa5 18. a3 Rac8 19. Qc2 Rxc6 20. Qxc6 h6 21. g3 Bf6 22. Rc1 Rb8 23. Rc2 Qb6 24. Qxb6 Rxb6 25. b4 Rb7 26. Rc5 Kf8 27. b5 Ke7 28. a4 Kd7 29. Kf1 Be7 30. Rc6 Bd8 31. Ke2 Bb6 32. Kd3 Rc7 33. Rxc7+ Bxc7 34. Bd2 h5 35. Bb4 Kc8 36. f4 g6 37. Kc3 Kb7 38. Be7 Ba5+ 39. Bb4 Bc7 40. Bc5 h4 41. Kd3 a6 42. Ke3 axb5 43. axb5 hxg3 44. hxg3 f5 45. Kd3 Ba5 46. Ke3 1/2-1/2

[Event "AUT-chT2O 9596"]
[Site "Austria"]
[Date "1996.??.??"]
[Round "9"]
[White "Krpelan, Wolfgang"]
[Black "Raubal, Martin"]
[Result "1-0"]
[WhiteElo "2170"]
[BlackElo "2230"]
[PlyCount "80"]
[EventDate "1995.??.??"]
[EventType "team"]
[EventRounds "11"]
[EventCountry "AUT"]
[SourceTitle "EXT 1999"]
[Source "ChessBase"]
[SourceDate "1998.11.16"]
[SourceVersion "1"]
[SourceVersionDate "1998.11.16"]
[SourceQuality "1"]

1. b3 Nf6 2. Bb2 g6 3. g3 Bg7 4. Bg2 0-0 5. e3 d6 6. Ne2 e5 7. 0-0 c6 8. d3 Be6 9. h3 Nh5 10. g4 Nf6 11. Nd2 h5 12. g5 Nd5 13. c4 Nb4 14. Ne4 Nd7 15. Qd2 a5 16. a3 Na6 17. f4 d5 18. Nf2 Qb6 19. Rab1 Qd8 20. Ba1 Qe7 21. Qxa5 exf4 22. Bxg7 Kxg7 23. exf4 Kg8 24. Nd4 Qd6 25. Qd2 dxc4 26. dxc4 Nac5 27. b4 Na4 28. Ne4 Qc7 29. Nxe6 fxe6 30. Rbd1 Ndb6 31. Nf6+ Kf7 32. Qc2 Rfd8 33. Be4 Rxd1 34. Bxg6+ Kf8 35. Qxd1 Nxc4 36. Qxh5 Qb6+ 37. Kh1 Qe3 38. Qf3 Qd4 39. Rd1 Nd2 40. Qg2 Nc3 1-0

[Event "Berliner Sommer 13th"]
[Site "Berlin"]
[Date "1995.08.17"]
[Round "6"]
[White "Heinig, Wolfram"]
[Black "Raubal, Martin"]
[Result "1-0"]
[WhiteElo "2325"]
[BlackElo "2210"]
[PlyCount "77"]
[EventDate "1995.08.12"]
[EventType "swiss"]
[EventRounds "9"]
[EventCountry "GER"]
[SourceTitle "EXT 2019"]
[Source "ChessBase"]
[SourceDate "2018.10.10"]
[SourceVersion "1"]
[SourceVersionDate "2018.10.10"]
[SourceQuality "1"]

1. d4 Nf6 2. c4 g6 3. Nc3 Bg7 4. e4 d6 5. Be2 0-0 6. Bg5 Na6 7. Qd2 c6 8. 0-0-0 Nc7 9. f3 Ne6 10. Be3 Qa5 11. Kb1 Re8 12. Rc1 Bd7 13. Nh3 c5 14. dxc5 Nxc5 15. Nf4 Rac8 16. h4 Na4 17. Nxa4 Qxd2 18. Bxd2 Bxa4 19. h5 Nd7 20. hxg6 hxg6 21. Nd5 Bc6 22. Be3 a6 23. Bg5 Bxd5 24. cxd5 Nc5 25. Rc2 Na4 26. Rhc1 Rxc2 27. Rxc2 Nc5 28. Kc1 b5 29. Kd2 Kh7 30. b4 Na4 31. Rc6 Kg8 32. Rxa6 Bc3+ 33. Kc2 Bxb4 34. Bxb5 Rc8+ 35. Bc6 Nc5 36. Ra7 f6 37. Bh4 Kf8 38. a3 g5 39. Bf2 1-0

[Event "Berliner Sommer 13th"]
[Site "Berlin"]
[Date "1995.??.??"]
[Round "4"]
[White "Lehner, Oliver"]
[Black "Raubal, Martin"]
[Result "1/2-1/2"]
[WhiteElo "2260"]
[BlackElo "2210"]
[PlyCount "87"]
[EventDate "1995.08.??"]
[EventType "swiss"]
[EventRounds "9"]
[EventCountry "GER"]
[SourceTitle "CBM 047 Extra"]
[Source "ChessBase"]
[SourceDate "1995.09.01"]
[SourceVersion "1"]
[SourceVersionDate "1995.09.01"]
[SourceQuality "1"]

1. Nf3 g6 2. c4 Bg7 3. g3 Nf6 4. Bg2 0-0 5. Nc3 d6 6. 0-0 e5 7. d3 Nc6 8. Rb1 a5 9. a3 Nd4 10. b4 axb4 11. axb4 c6 12. Bg5 Ne6 13. Bxf6 Bxf6 14. Nd2 Bg7 15. e3 f5 16. b5 Bd7 17. Nb3 f4 18. exf4 exf4 19. Ne4 Ng5 20. Nxg5 Qxg5 21. bxc6 bxc6 22. Nd2 fxg3 23. hxg3 Bg4 24. Qc2 Rac8 25. Ne4 Qd8 26. c5 d5 27. Nd6 Rc7 28. Rb4 Be6 29. Qe2 Re7 30. Qd2 Qa5 31. d4 Bg4 32. Re1 Rxe1+ 33. Qxe1 Bxd4 34. Kh2 Qxc5 35. Nb7 Qc3 36. Qxc3 Bxc3 37. Rxg4 Rf7 38. Nd8 Rf6 39. Nxc6 Kg7 40. Bxd5 Rxf2+ 41. Bg2 Bf6 42. Nb4 Re2 43. Rc4 Be5 44. Nd3 1/2-1/2

[Event "Oberwart op"]
[Site "Oberwart"]
[Date "1995.??.??"]
[Round "2"]
[White "Raubal, Martin"]
[Black "Burmakin, Vladimir"]
[Result "1/2-1/2"]
[WhiteElo "2205"]
[BlackElo "2555"]
[PlyCount "127"]
[EventDate "1995.07.??"]
[EventType "swiss"]
[EventRounds "9"]
[EventCountry "AUT"]
[SourceTitle "EXT 2001"]
[Source "ChessBase"]
[SourceDate "2000.11.22"]
[SourceVersion "1"]
[SourceVersionDate "2000.11.22"]
[SourceQuality "1"]

1. e4 c6 2. d4 d5 3. exd5 cxd5 4. c4 Nf6 5. Nc3 g6 6. Qb3 Bg7 7. cxd5 0-0 8. Be2 b6 9. Bf3 Bb7 10. Nge2 Qd7 11. Bg5 Rd8 12. Bxf6 Bxf6 13. 0-0 Na6 14. a4 Rab8 15. Rfd1 Nc7 16. d6 Qxd6 17. Bxb7 Rxb7 18. Ne4 Qc6 19. Nxf6+ Qxf6 20. d5 Rbb8 21. Nc3 Rd7 22. Rd3 Rbd8 23. Re1 Ne8 24. Rde3 Nd6 25. h3 Kf8 26. Qb4 Nf5 27. Re5 Qh4 28. R5e4 Qg5 29. Re5 Qh6 30. Qg4 Qg7 31. Qb4 Qh6 32. Qg4 Qd2 33. R5e2 Qd4 34. Re4 Qf6 35. Re5 Nd6 36. Qd4 Rc7 37. Ne4 Nxe4 38. Qxe4 Rd6 39. Qe3 Rcd7 40. Qh6+ Kg8 41. Qe3 Rxd5 42. Rxd5 Rxd5 43. Qxe7 Qxb2 44. Qxa7 Rf5 45. Qb8+ Kg7 46. Qg3 Rf6 47. Qe3 Qb4 48. Qe4 Qc5 49. Qe2 Qd4 50. Qc2 h5 51. Re2 Kh7 52. Qe4 Qa1+ 53. Re1 Qb2 54. Re2 Qc1+ 55. Re1 Qc5 56. Re2 Qa3 57. Re3 Qd6 58. Rd3 Qc7 59. Rf3 Re6 60. Qf4 Qxf4 61. Rxf4 Kg7 62. Rb4 Kf6 63. Rb5 h4 64. g3 1/2-1/2

[Event "Oberwart op"]
[Site "Oberwart"]
[Date "1995.??.??"]
[Round "4"]
[White "Raubal, Martin"]
[Black "Farago, Ivan"]
[Result "0-1"]
[WhiteElo "2205"]
[BlackElo "2515"]
[PlyCount "90"]
[EventDate "1995.07.??"]
[EventType "swiss"]
[EventRounds "9"]
[EventCountry "AUT"]
[SourceTitle "EXT 2001"]
[Source "ChessBase"]
[SourceDate "2000.11.22"]
[SourceVersion "1"]
[SourceVersionDate "2000.11.22"]
[SourceQuality "1"]

1. e4 c5 2. c3 Nf6 3. e5 Nd5 4. d4 cxd4 5. Nf3 e6 6. cxd4 b6 7. Nc3 Bb7 8. Bd3 Nxc3 9. bxc3 Qc7 10. Bd2 Be7 11. 0-0 Nc6 12. Qe2 Rc8 13. Ng5 Bxg5 14. Bxg5 Na5 15. Rac1 Nc4 16. Qg4 h6 17. Be3 Kf8 18. h4 Qc6 19. h5 Qd5 20. Rfe1 Nxe5 21. dxe5 Qxd3 22. Red1 Qb5 23. a4 Qc6 24. Rd6 Qc7 25. a5 bxa5 26. Bxa7 Bc6 27. Bc5 Kg8 28. Be3 Kh7 29. c4 Rb8 30. Bd2 Rb3 31. Qf4 Rf8 32. Bc3 a4 33. Rd3 f5 34. Rg3 Rf7 35. Rg6 Qd8 36. Bd2 Qf8 37. Qd4 f4 38. Rc3 Rxc3 39. Qxc3 Rf5 40. Qd3 Kh8 41. Qd4 Rxh5 42. Qxf4 Qxf4 43. Bxf4 Rh4 44. Bd2 a3 45. Rg3 Rd4 0-1

[Event "Budapest Statisztika 04"]
[Site "Budapest"]
[Date "1995.??.??"]
[Round "7"]
[White "Raubal, Martin"]
[Black "Lorincz, Istvan"]
[Result "1/2-1/2"]
[WhiteElo "2205"]
[BlackElo "2360"]
[PlyCount "141"]
[EventDate "1995.04.??"]
[EventType "tourn"]
[EventRounds "11"]
[EventCountry "HUN"]
[EventCategory "3"]
[SourceTitle "EXT 1999"]
[Source "ChessBase"]
[SourceDate "1998.11.16"]
[SourceVersion "1"]
[SourceVersionDate "1998.11.16"]
[SourceQuality "1"]

1. e4 c6 2. d4 d5 3. exd5 cxd5 4. c4 Nf6 5. Nc3 e6 6. Bg5 Bb4 7. Nf3 Qa5 8. Bxf6 Bxc3+ 9. bxc3 Qxc3+ 10. Nd2 gxf6 11. cxd5 Qxd4 12. dxe6 Bxe6 13. Bb5+ Nd7 14. 0-0 0-0 15. Re1 Rfd8 16. Ne4 Qxd1 17. Rexd1 Kg7 18. Rd3 Ne5 19. Rg3+ Ng6 20. h4 f5 21. Nc5 f4 22. Nxe6+ fxe6 23. Rc3 Rac8 24. Rxc8 Rxc8 25. Bd7 Rc7 26. Bxe6 Nxh4 27. Bd5 Ng6 28. Rb1 b6 29. a4 Rc5 30. Bb7 Kf6 31. Rd1 Ne5 32. Ba6 Ra5 33. Bb5 a6 34. Be2 Rxa4 35. Rd6+ Kf5 36. Rxb6 Ra1+ 37. Kh2 a5 38. Rb5 a4 39. g4+ fxg3+ 40. Kxg3 a3 41. Ra5 Ke4 42. Kg2 Kd4 43. f4 Nc6 44. Ra6 Nb4 45. Ra4 Kc3 46. f5 Nd5 47. Ra5 a2 48. Rxd5 Re1 49. Ra5 a1Q 50. Rxa1 Rxa1 51. f6 Kd4 52. f7 Ra8 53. Bb5 Rh8 54. Kg3 Ke5 55. Kh4 Kf6 56. Be8 Kg7 57. Kh5 h6 58. Kh4 Rf8 59. Kh5 Kh7 60. Kh4 Kg6 61. Kg4 h5+ 62. Kh4 Kh6 63. Kg3 Kg5 64. Kh3 h4 65. Kh2 Kg4 66. Bd7+ Kf4 67. Be8 Kg5 68. Kh3 Rh8 69. Kh2 Kf4 70. Kh3 Kg5 71. Kh2 1/2-1/2

[Event "Vienna op"]
[Site "Vienna"]
[Date "1994.??.??"]
[Round "2"]
[White "Herzog, Adolf"]
[Black "Raubal, Martin"]
[Result "1-0"]
[WhiteElo "2400"]
[BlackElo "2185"]
[PlyCount "31"]
[EventDate "1994.10.??"]
[EventType "swiss"]
[EventRounds "9"]
[EventCountry "AUT"]
[SourceTitle "EXT 1998"]
[Source "ChessBase"]
[SourceDate "1997.11.17"]
[SourceVersion "1"]
[SourceVersionDate "1997.11.17"]
[SourceQuality "1"]

1. d4 g6 2. e4 Bg7 3. Bc4 d6 4. f4 Nf6 5. e5 Nfd7 6. Nf3 0-0 7. e6 Nb6 8. exf7+ Kh8 9. Bb3 Nc6 10. 0-0 Bg4 11. c3 e5 12. h3 Bxf3 13. Qxf3 exd4 14. f5 Qh4 15. f6 Bh6 16. Qg4 1-0

[Event "AUT-ch"]
[Site "Austria"]
[Date "1994.??.??"]
[Round "4"]
[White "Neumeier, Klaus"]
[Black "Raubal, Martin"]
[Result "0-1"]
[WhiteElo "2325"]
[BlackElo "2185"]
[PlyCount "50"]
[EventDate "1994.??.??"]
[EventType "swiss"]
[EventRounds "9"]
[EventCountry "AUT"]
[SourceTitle "EXT 1999"]
[Source "ChessBase"]
[SourceDate "1998.11.16"]
[SourceVersion "1"]
[SourceVersionDate "1998.11.16"]
[SourceQuality "1"]

1. e4 d6 2. d4 Nf6 3. Nc3 g6 4. f4 Bg7 5. e5 Nfd7 6. Nf3 c5 7. e6 fxe6 8. Ng5 Nf6 9. dxc5 Nc6 10. cxd6 exd6 11. Bd3 Qb6 12. h3 0-0 13. Qf3 Nh5 14. Nxh7 Ne5 15. Qd1 Nxd3+ 16. Qxd3 Kxh7 17. Ne4 Nxf4 18. Ng5+ Kg8 19. Qg3 Qa5+ 20. Bd2 Qe5+ 21. Kd1 Qe2+ 22. Kc1 Qxg2 23. Bxf4 Qxh1+ 24. Kd2 Qd5+ 25. Ke1 Rxf4 0-1

[Event "Vienna op"]
[Site "Vienna"]
[Date "1994.??.??"]
[Round "5"]
[White "Raubal, Martin"]
[Black "Link, Michael"]
[Result "0-1"]
[WhiteElo "2185"]
[BlackElo "2280"]
[PlyCount "84"]
[EventDate "1994.10.??"]
[EventType "swiss"]
[EventRounds "9"]
[EventCountry "AUT"]
[SourceTitle "EXT 1998"]
[Source "ChessBase"]
[SourceDate "1997.11.17"]
[SourceVersion "1"]
[SourceVersionDate "1997.11.17"]
[SourceQuality "1"]

1. e4 c5 2. c3 Nf6 3. e5 Nd5 4. d4 cxd4 5. Nf3 e6 6. cxd4 d6 7. a3 Bd7 8. Bd3 Bc6 9. 0-0 Nd7 10. b4 a6 11. Qe2 Qc7 12. Bd2 dxe5 13. dxe5 g6 14. Ra2 Bg7 15. Re1 0-0 16. Rc2 Qb6 17. h4 Ba4 18. Rcc1 Rfc8 19. h5 Bb5 20. Nc3 Nxc3 21. Bxc3 Bc6 22. hxg6 hxg6 23. Nh2 Rc7 24. Qg4 Bb5 25. Bd4 Rxc1 26. Rxc1 Qd8 27. Bxg6 Rc8 28. Rd1 fxg6 29. Qxe6+ Kf8 30. Qxg6 Qe7 31. Ng4 Rc6 32. Qf5+ Qf7 33. Qe4 Rg6 34. Bc5+ Kg8 35. Nf6+ Bxf6 36. exf6 Bc6 37. Qe7 Rxg2+ 38. Kf1 Qc4+ 39. Ke1 Rg1+ 40. Kd2 Qa2+ 41. Ke3 Qb3+ 42. Kf4 Qf3# 0-1

[Event "AUT-ch"]
[Site "Austria"]
[Date "1994.??.??"]
[Round "1"]
[White "Raubal, Martin"]
[Black "Schwab, Rene"]
[Result "1/2-1/2"]
[WhiteElo "2190"]
[BlackElo "2275"]
[PlyCount "70"]
[EventDate "1994.??.??"]
[EventType "swiss"]
[EventRounds "9"]
[EventCountry "AUT"]
[SourceTitle "EXT 2003"]
[Source "ChessBase"]
[SourceDate "2002.11.25"]
[SourceVersion "1"]
[SourceVersionDate "2002.11.25"]
[SourceQuality "1"]

1. e4 c6 2. d4 d5 3. e5 Na6 4. c3 Nc7 5. Bd3 g6 6. Ne2 Bg4 7. h3 Bxe2 8. Qxe2 e6 9. Be3 b6 10. Nd2 c5 11. dxc5 bxc5 12. Bb5+ Nxb5 13. Qxb5+ Qd7 14. Qxd7+ Kxd7 15. 0-0-0 Kc6 16. g4 Ne7 17. Bg5 Nc8 18. Bf6 Rg8 19. f4 Nb6 20. Rdf1 Rb8 21. Kc2 Nd7 22. Nf3 Rb7 23. Bh4 Bh6 24. Bg3 a5 25. h4 a4 26. b3 Ra8 27. Ra1 Nb6 28. Rhf1 Bg7 29. Bh2 Rba7 30. Rab1 Rb7 31. Ra1 Rbb8 32. Rab1 Ra7 33. Ra1 Rba8 34. Rab1 Rb8 35. Ra1 Rba8 1/2-1/2

[Event "AUT-ch"]
[Site "Austria"]
[Date "1994.??.??"]
[Round "5"]
[White "Raubal, Martin"]
[Black "Wadsack, Wolfgang"]
[Result "1-0"]
[WhiteElo "2185"]
[BlackElo "2265"]
[PlyCount "99"]
[EventDate "1994.??.??"]
[EventType "swiss"]
[EventRounds "9"]
[EventCountry "AUT"]
[SourceTitle "EXT 1999"]
[Source "ChessBase"]
[SourceDate "1998.11.16"]
[SourceVersion "1"]
[SourceVersionDate "1998.11.16"]
[SourceQuality "1"]

1. e4 d5 2. exd5 Nf6 3. d4 Nxd5 4. c4 Nb6 5. Nf3 Bg4 6. Nbd2 Nc6 7. h3 Bh5 8. d5 Nd4 9. g4 Nxf3+ 10. Qxf3 Bg6 11. Bg2 Qd6 12. 0-0 h5 13. g5 h4 14. Re1 0-0-0 15. Nb3 Bh5 16. Qc3 Qd7 17. Nc5 Na4 18. Nxd7 Nxc3 19. Nxf8 Ne2+ 20. Kf1 Nd4 21. Rxe7 Rhxf8 22. Bf4 Rd7 23. Rae1 Bg6 24. Re8+ Rd8 25. Rxf8 Bd3+ 26. Kg1 Rxf8 27. Kh2 Nf5 28. c5 Rd8 29. Rd1 Bb5 30. Be4 Ne7 31. d6 Ng6 32. Bf5+ Rd7 33. Bxd7+ Bxd7 34. Rd4 c6 35. Kg2 Be6 36. a3 Bd5+ 37. f3 Kd7 38. Bh2 Ke6 39. Kf2 Kd7 40. Kg2 Ke6 41. Rb4 b6 42. cxb6 axb6 43. Rxb6 Nf8 44. a4 Nd7 45. Rb7 c5 46. Rc7 Bc4 47. b4 Bb3 48. bxc5 Bxa4 49. c6 Nb8 50. Re7+ 1-0

[Event "AUT-ch"]
[Site "Austria"]
[Date "1994.??.??"]
[Round "6"]
[White "Sommerbauer, Norbert"]
[Black "Raubal, Martin"]
[Result "1/2-1/2"]
[WhiteElo "2365"]
[BlackElo "2185"]
[PlyCount "28"]
[EventDate "1994.??.??"]
[EventType "swiss"]
[EventRounds "9"]
[EventCountry "AUT"]
[SourceTitle "EXT 1999"]
[Source "ChessBase"]
[SourceDate "1998.11.16"]
[SourceVersion "1"]
[SourceVersionDate "1998.11.16"]
[SourceQuality "1"]

1. Nf3 Nf6 2. c4 g6 3. Nc3 Bg7 4. e4 d6 5. d4 0-0 6. h3 e5 7. dxe5 dxe5 8. Qxd8 Rxd8 9. Bg5 Nbd7 10. 0-0-0 Rf8 11. Nd5 Nxe4 12. Be3 Ndc5 13. Nxc7 Rb8 14. Nd2 b6 1/2-1/2

[Event "Oberwart op"]
[Site "Oberwart"]
[Date "1993.??.??"]
[Round "7"]
[White "Hardicsay, Peter"]
[Black "Raubal, Martin"]
[Result "1-0"]
[WhiteElo "2360"]
[BlackElo "2225"]
[PlyCount "63"]
[EventDate "1993.07.??"]
[EventType "swiss"]
[EventRounds "9"]
[EventCountry "AUT"]
[SourceTitle "EXT 1998"]
[Source "ChessBase"]
[SourceDate "1997.11.17"]
[SourceVersion "1"]
[SourceVersionDate "1997.11.17"]
[SourceQuality "1"]

1. c4 Nf6 2. Nc3 g6 3. e4 d6 4. d4 Bg7 5. f3 0-0 6. Be3 e5 7. d5 Ne8 8. Qd2 c5 9. Bd3 Na6 10. Nge2 Bd7 11. 0-0 Nac7 12. Rab1 Kh8 13. g4 Rb8 14. Ng3 Nf6 15. Kg2 Ng8 16. h4 Ne7 17. h5 f5 18. exf5 gxf5 19. Bg5 e4 20. fxe4 fxg4 21. Nf5 Bxf5 22. exf5 Ne8 23. Ne4 Bf6 24. Bh6 Rf7 25. Rbe1 Ng8 26. Nxf6 Nexf6 27. Bg5 Qf8 28. Rh1 Ne7 29. Re6 Nfg8 30. Bf4 Nxf5 31. Bxf5 Rxf5 32. Bxd6 1-0

[Event "Werfen op-A"]
[Site "Werfen"]
[Date "1993.??.??"]
[Round "6"]
[White "Raubal, Martin"]
[Black "Zysk, Robert"]
[Result "0-1"]
[WhiteElo "2225"]
[BlackElo "2440"]
[PlyCount "78"]
[EventDate "1993.08.??"]
[EventType "swiss"]
[EventRounds "9"]
[EventCountry "AUT"]
[SourceTitle "EXT 1997"]
[Source "ChessBase"]
[SourceDate "1996.11.15"]
[SourceVersion "1"]
[SourceVersionDate "1996.11.15"]
[SourceQuality "1"]

1. e4 e6 2. d4 d5 3. e5 c5 4. c3 Nc6 5. Nf3 Bd7 6. a3 Nge7 7. Bd3 cxd4 8. cxd4 Qb6 9. 0-0 Nxd4 10. Nxd4 Qxd4 11. Nc3 Nc6 12. Nb5 Qxe5 13. Re1 Qb8 14. Qf3 Bd6 15. Qxd5 Bxh2+ 16. Kh1 Ne5 17. Qb3 Ng4 18. Qc2 Bf4 19. Qe2 Nf6 20. g3 Bc6+ 21. Kh2 Bxc1 22. Raxc1 0-0 23. Nd4 Bd5 24. Nb5 Qd8 25. Nc7 Rc8 26. Nxd5 Qxd5 27. Rcd1 Qh5+ 28. Qxh5 Nxh5 29. Be4 Rc7 30. Rc1 Rfc8 31. Rxc7 Rxc7 32. Rd1 g6 33. Rd8+ Kg7 34. Ra8 b6 35. a4 Nf6 36. Bf3 Nd7 37. b4 Ne5 38. Bg2 Nd3 39. a5 Nxb4 0-1

[Event "Werfen op-A"]
[Site "Werfen"]
[Date "1993.??.??"]
[Round "3"]
[White "Supatashvili, Khvicha"]
[Black "Raubal, Martin"]
[Result "1-0"]
[WhiteElo "2440"]
[BlackElo "2225"]
[PlyCount "55"]
[EventDate "1993.08.??"]
[EventType "swiss"]
[EventRounds "9"]
[EventCountry "AUT"]
[SourceTitle "EXT 1997"]
[Source "ChessBase"]
[SourceDate "1996.11.15"]
[SourceVersion "1"]
[SourceVersionDate "1996.11.15"]
[SourceQuality "1"]

1. d4 Nf6 2. c4 g6 3. Nf3 Bg7 4. g3 0-0 5. Bg2 d6 6. 0-0 Nbd7 7. Nc3 e5 8. h3 c6 9. e4 Qb6 10. c5 dxc5 11. dxe5 Ne8 12. e6 fxe6 13. Ng5 Bxc3 14. bxc3 e5 15. Be3 Rf6 16. f4 Rd6 17. Qf3 Rf6 18. Qe2 Qb5 19. c4 Qa5 20. Bd2 Qb6 21. fxe5 Nxe5 22. Rxf6 Nxf6 23. Rf1 Nh5 24. Qf2 Bd7 25. Nf7 Nxc4 26. Nh6+ Kh8 27. Bg5 Qb2 28. Qf8+ 1-0